000 00375 a2200157 4500
001 76121
020 _a9788516113391
040 _cAnchieta - Colégio São Paulo
100 _aTufano, Douglas
240 1 0 _aLeonardo Da Vinci e sua época
_lpor
245 1 0 _aLeonardo Da Vinci e sua época
300 _a48
362 0 _a2018
650 4 _aLiteratura juvenil
942 _cBK
999 _c76121
_d76121